[Event "New York Int op 10th"]
[Site "New York"]
[Date "2017.06.22"]
[Round "2"]
[White "Berg, George P"]
[Black "Nakada, Akira W"]
[Result "0-1"]
[WhiteElo "1971"]
[BlackElo "2076"]
[PlyCount "60"]
[EventDate "2017.06.21"]
[EventType "swiss"]
[EventRounds "9"]
[EventCountry "USA"]
[SourceTitle "CBM 179 Extra"]
[Source "ChessBase"]
[SourceDate "2017.08.23"]
[SourceVersion "1"]
[SourceVersionDate "2017.08.23"]
[SourceQuality "1"]

1. e4 e6 2. d4 d5 3. Nc3 Nf6 4. e5 Nfd7 5. f4 c5 6. Nf3 Nc6 7. Be3 Be7 8. Qd2 0-0 9. dxc5 Nxc5 10. Nd4 a6 11. 0-0-0 Qc7 12. Be2 b5 13. Nxc6 Qxc6 14. Bf3 b4 15. Nxd5 exd5 16. Bxd5 Qa4 17. Bxa8 b3 18. a3 Bf5 19. Bxc5 bxc2 20. Bxe7 cxd1Q+ 21. Qxd1 Rc8+ 22. Kd2 Qxf4+ 23. Ke2 Qxe5+ 24. Kf3 Qxe7 25. g4 Rd8 26. Qe1 Rd3+ 27. Kg2 Re3 28. Qb4 Re2+ 29. Kf1 Qxb4 30. axb4 Bd3 0-1

[Event "Edward Lasker Memorial 99th"]
[Site "New York"]
[Date "2015.12.12"]
[Round "3"]
[White "Barrett, Stephen J"]
[Black "Berg, George P"]
[Result "1/2-1/2"]
[WhiteElo "2191"]
[BlackElo "2084"]
[PlyCount "88"]
[EventDate "2015.12.11"]
[EventType "swiss"]
[EventRounds "9"]
[EventCountry "USA"]
[SourceTitle "CBM 170 Extra"]
[Source "ChessBase"]
[SourceDate "2016.02.25"]
[SourceVersion "1"]
[SourceVersionDate "2016.02.25"]
[SourceQuality "1"]

1. d4 Nf6 2. c4 c5 3. d5 b5 4. cxb5 a6 5. Nc3 axb5 6. e4 b4 7. Nb5 d6 8. Bf4 Nbd7 9. Bd3 g6 10. Nf3 Bg7 11. Qe2 0-0 12. h3 Qb6 13. 0-0 Ba6 14. a4 bxa3 15. Rxa3 Bxb5 16. Bxb5 Rab8 17. Rb3 Qa5 18. Nd2 Qa2 19. Rb1 Ra8 20. Bc4 Qa4 21. Rb7 Ra7 22. Rb5 Rb8 23. Rxb8+ Nxb8 24. Nb3 Qb4 25. e5 dxe5 26. Bxe5 Nfd7 27. Bf4 Ra2 28. Bd2 Qb6 29. Qxe7 Bf6 30. Qe8+ Kg7 31. Bc3 Bxc3 32. bxc3 Qf6 33. Qe3 Nb6 34. Nd2 Rxd2 35. Qxd2 Nxc4 36. Qe2 Nb6 37. Qb5 N8d7 38. Qc6 Qxc3 39. d6 Qc2 40. Re1 Qd2 41. Re7 Qc1+ 42. Kh2 Qf4+ 43. Kg1 Qc1+ 44. Kh2 Qf4+ 1/2-1/2

[Event "USA-chT Amateur East"]
[Site "Parsippany"]
[Date "2013.02.16"]
[Round "2"]
[White "Berg, George P"]
[Black "Johnson, Eric C"]
[Result "1/2-1/2"]
[WhiteElo "2077"]
[BlackElo "2098"]
[PlyCount "32"]
[EventDate "2013.02.16"]
[EventType "team-swiss"]
[EventRounds "6"]
[EventCountry "USA"]
[SourceTitle "CBM 153 Extra"]
[Source "ChessBase"]
[SourceDate "2013.04.22"]
[SourceVersion "1"]
[SourceVersionDate "2013.04.22"]
[SourceQuality "1"]
[WhiteTeam "Open Magnum Style"]
[BlackTeam "Our ICC Girlfriends are Stand"]
[WhiteTeamCountry "USA"]
[BlackTeamCountry "USA"]

1. e4 c5 2. Nf3 Nc6 3. d4 cxd4 4. Nxd4 e5 5. Nb5 d6 6. c4 Be7 7. N1c3 a6 8. Na3 Be6 9. Bd3 Bg5 10. 0-0 Bxc1 11. Rxc1 Nge7 12. Nc2 0-0 13. Ne3 g6 14. Ned5 Kh8 15. Nxe7 Nxe7 16. Nd5 Bxd5 1/2-1/2

[Event "USA-chT Amateur East"]
[Site "Parsippany"]
[Date "2012.02.20"]
[Round "5"]
[White "Ramirez Alvarez, Alejandro"]
[Black "Berg, George P"]
[Result "1-0"]
[WhiteElo "2594"]
[BlackElo "2052"]
[PlyCount "61"]
[EventDate "2012.02.18"]
[EventType "team-swiss"]
[EventRounds "6"]
[EventCountry "USA"]
[SourceTitle "CBM 147 Extra"]
[Source "ChessBase"]
[SourceDate "2012.04.24"]
[SourceVersion "1"]
[SourceVersionDate "2012.04.24"]
[SourceQuality "1"]

1. e4 c5 2. Nf3 d6 3. d4 cxd4 4. Nxd4 Nf6 5. Nc3 a6 6. Be2 e5 7. Nb3 Be7 8. 0-0 0-0 9. Kh1 b6 10. Be3 Bb7 11. f3 b5 12. a4 b4 13. Nd5 Nxd5 14. exd5 a5 15. c3 bxc3 16. bxc3 Qc7 17. Qd2 Nd7 18. Rfc1 Nc5 19. Nxc5 dxc5 20. Rcb1 Rfb8 21. Bb5 Rd8 22. c4 Bd6 23. Rb3 Ra7 24. Qc2 Rf8 25. Rab1 Rd8 26. Qe4 Rf8 27. Qd3 Rd8 28. Bd2 e4 29. Qxe4 Bxh2 30. f4 Bg3 31. Rxg3 1-0

[Event "USA-chT Amateur East"]
[Site "Parsippany"]
[Date "2012.02.18"]
[Round "2"]
[White "Berg, George P"]
[Black "Goletiani, Rusudan"]
[Result "1-0"]
[WhiteElo "2052"]
[BlackElo "2344"]
[PlyCount "79"]
[EventDate "2012.02.18"]
[EventType "team-swiss"]
[EventRounds "6"]
[EventCountry "USA"]
[SourceTitle "CBM 147 Extra"]
[Source "ChessBase"]
[SourceDate "2012.04.24"]
[SourceVersion "1"]
[SourceVersionDate "2012.04.24"]
[SourceQuality "1"]

1. e4 c5 2. Nf3 e6 3. d4 cxd4 4. Nxd4 a6 5. Nc3 Qc7 6. Bd3 Nf6 7. 0-0 Be7 8. Kh1 d6 9. f4 Nbd7 10. Qe2 b5 11. a3 Bb7 12. Bd2 0-0 13. Rae1 Nc5 14. e5 Nxd3 15. exf6 Nxe1 16. fxe7 Bxg2+ 17. Kg1 Qxe7 18. Rxe1 Bb7 19. Ne4 Qc7 20. Bc3 h6 21. Nf2 Rae8 22. Qg4 f5 23. Qg6 e5 24. Ne6 Rxe6 25. Qxe6+ Kh7 26. Re3 Rf6 27. Qe8 Bc6 28. Qh5 exf4 29. Re1 Rg6+ 30. Kf1 Bg2+ 31. Ke2 Qc5 32. Kd1 Qxf2 33. Qxf5 Qf3+ 34. Kc1 Bh3 35. Qf8 Qf2 36. Kb1 Rg1 37. Ka2 Bf1 38. Qf5+ Rg6 39. Re7 Bc4+ 40. b3 1-0

[Event "USA-chT Amateur East"]
[Site "Parsippany"]
[Date "2010.02.15"]
[Round "5"]
[White "Ortiz, Miguel"]
[Black "Berg, George P"]
[Result "0-1"]
[WhiteElo "2305"]
[BlackElo "2049"]
[PlyCount "68"]
[EventDate "2010.02.13"]
[EventType "team-tourn"]
[EventRounds "6"]
[EventCountry "USA"]
[SourceTitle "CBM 135 Extra"]
[Source "ChessBase"]
[SourceDate "2010.05.04"]
[SourceVersion "1"]
[SourceVersionDate "2010.05.04"]
[SourceQuality "1"]

1. c4 Nf6 2. Nc3 c5 3. g3 d5 4. cxd5 Nxd5 5. Bg2 Nc7 6. e3 e5 7. Nge2 Nc6 8. 0-0 Be7 9. b3 0-0 10. Bb2 Be6 11. Rc1 Nd5 12. d4 cxd4 13. exd4 exd4 14. Nxd5 Bxd5 15. Nxd4 Bxg2 16. Kxg2 Bf6 17. Nxc6 Qxd1 18. Rfxd1 Bxb2 19. Ne7+ Kh8 20. Rc7 b5 21. Rdd7 a6 22. Nc6 f5 23. Nd4 Bxd4 24. Rxd4 Rf6 25. Rdd7 Rg8 26. h4 f4 27. Rf7 Rxf7 28. Rxf7 fxg3 29. fxg3 Ra8 30. Kf3 Kg8 31. Rd7 Rf8+ 32. Ke3 Re8+ 33. Kd3 Rf8 34. Ke3 Re8+ 0-1

[Event "Nassau-ch"]
[Site "Nassau"]
[Date "2009.11.16"]
[Round "5"]
[White "Berg, George P"]
[Black "Tavares, Jarrod M"]
[Result "1-0"]
[WhiteElo "2030"]
[BlackElo "1829"]
[PlyCount "77"]
[EventDate "2009.10.19"]
[EventType "swiss"]
[EventRounds "10"]
[EventCountry "USA"]
[SourceTitle "EXT 2011"]
[Source "ChessBase"]
[SourceDate "2010.11.26"]
[SourceVersion "1"]
[SourceVersionDate "2010.11.26"]
[SourceQuality "1"]

1. e4 e5 2. Nf3 Nf6 3. Nxe5 d6 4. Nf3 Nxe4 5. d4 d5 6. Bd3 Bd6 7. 0-0 0-0 8. c4 c6 9. cxd5 cxd5 10. Nc3 Nxc3 11. bxc3 g6 12. Bh6 Re8 13. Qb3 b6 14. Rfe1 Rxe1+ 15. Rxe1 Bb7 16. c4 Nc6 17. cxd5 Na5 18. Qa4 Bxd5 19. Bb5 Qc7 20. Ne5 a6 21. Bxa6 Nc6 22. Ng4 Be7 23. Ne3 Bxa2 24. Rc1 Be6 25. d5 Qa7 26. dxe6 Nb4 27. exf7+ Kxf7 28. Bc4+ Kf6 29. Qb3 Bd6 30. Ng4+ Ke7 31. Qe3+ Kd8 32. Bg5+ Be7 33. Rd1+ Ke8 34. Bb5+ Kf8 35. Bh6+ Kg8 36. Bc4+ Kh8 37. Qe5+ Bf6 38. Qxf6+ Qg7 39. Qxg7# 1-0

[Event "Nassau-ch"]
[Site "Nassau"]
[Date "2009.11.02"]
[Round "3"]
[White "Berg, George P"]
[Black "Russo, Frederick"]
[Result "1-0"]
[WhiteElo "2030"]
[BlackElo "1598"]
[PlyCount "63"]
[EventDate "2009.10.19"]
[EventType "swiss"]
[EventRounds "10"]
[EventCountry "USA"]
[SourceTitle "EXT 2011"]
[Source "ChessBase"]
[SourceDate "2010.11.26"]
[SourceVersion "1"]
[SourceVersionDate "2010.11.26"]
[SourceQuality "1"]

1. e4 e5 2. Nf3 Nc6 3. d4 exd4 4. Nxd4 Bc5 5. Nf5 Qf6 6. Nc3 Nge7 7. Ne3 a6 8. Bd3 d6 9. 0-0 0-0 10. Ned5 Nxd5 11. exd5 Ne5 12. Ne4 Qe7 13. Nxc5 Nxd3 14. Nxd3 Bd7 15. Re1 Qf6 16. Qh5 g6 17. Qg5 Qg7 18. Re7 Bb5 19. Bd2 h6 20. Qxh6 Qxh6 21. Bxh6 Rfe8 22. Rae1 Rxe7 23. Rxe7 Bxd3 24. cxd3 Rc8 25. g3 Kh7 26. Bd2 Kg7 27. Bc3+ Kf8 28. Bf6 b5 29. h4 c6 30. dxc6 Rxc6 31. Rd7 Kg8 32. Rd8+ 1-0

[Event "USA-chT Amateur East"]
[Site "Parsipanny"]
[Date "2009.02.14"]
[Round "1"]
[White "Yeager, Daniel A"]
[Black "Berg, George P"]
[Result "1-0"]
[WhiteElo "2335"]
[BlackElo "2103"]
[PlyCount "23"]
[EventDate "2009.02.14"]
[EventType "team-tourn"]
[EventRounds "6"]
[EventCountry "USA"]
[SourceTitle "CBM 129 Extra"]
[Source "ChessBase"]
[SourceDate "2009.05.05"]
[SourceVersion "2"]
[SourceVersionDate "2009.05.20"]
[SourceQuality "1"]

1. d4 Nf6 2. c4 c5 3. d5 b5 4. Nf3 g6 5. Qc2 Na6 6. a3 Qa5+ 7. Bd2 Nb4 8. Qc1 Qa4 9. b3 Qxb3 10. axb4 cxb4 11. e3 Ne4 12. Nd4 1-0

[Event "Nassau CC-ch"]
[Site "Mineola"]
[Date "2008.11.24"]
[Round "6"]
[White "Berg, George P"]
[Black "Mirabile, Tim"]
[Result "1/2-1/2"]
[WhiteElo "2089"]
[BlackElo "2208"]
[PlyCount "77"]
[EventDate "2008.10.20"]
[EventType "swiss"]
[EventRounds "10"]
[EventCountry "USA"]
[SourceTitle "EXT 2010"]
[Source "ChessBase"]
[SourceDate "2010.11.25"]
[SourceVersion "1"]
[SourceVersionDate "2010.11.25"]
[SourceQuality "1"]

1. e4 c5 2. Nf3 d6 3. d4 cxd4 4. Nxd4 Nf6 5. Nc3 a6 6. g3 e6 7. Bg2 Qc7 8. 0-0 Nc6 9. Re1 Be7 10. Nxc6 bxc6 11. e5 dxe5 12. Rxe5 Nd5 13. Nxd5 cxd5 14. Bf4 Bd6 15. Qxd5 Rb8 16. Qd4 h6 17. Rc5 Bxc5 18. Qa4+ Bd7 19. Bxc7 Bxa4 20. Bxb8 Ke7 21. Bf4 e5 22. Bd2 Bxc2 23. Rc1 Rc8 24. b4 Bd6 25. Be4 Bxe4 26. Rxc8 Bb7 27. Rc1 Kd7 28. a3 Bc6 29. Be3 f5 30. Kf1 Bc7 31. Ke2 h5 32. Bg5 g6 33. Rd1+ Bd6 34. Be3 Ke6 35. Bb6 g5 36. Rc1 Kd7 37. Rd1 Ke6 38. Rc1 Kd7 39. Rd1 1/2-1/2

[Event "New York Marshall CC-ch 92nd"]
[Site "New York"]
[Date "2008.10.25"]
[Round "7"]
[White "Rosenberg, Evan"]
[Black "Berg, George P"]
[Result "1-0"]
[WhiteElo "2182"]
[BlackElo "2101"]
[PlyCount "123"]
[EventDate "2008.10.17"]
[EventType "swiss"]
[EventRounds "9"]
[EventCountry "USA"]
[SourceTitle "EXT 2010"]
[Source "ChessBase"]
[SourceDate "2010.11.25"]
[SourceVersion "1"]
[SourceVersionDate "2010.11.25"]
[SourceQuality "1"]

1. d4 Nf6 2. c4 c5 3. d5 b5 4. cxb5 a6 5. bxa6 g6 6. Nf3 Bxa6 7. g3 d6 8. Bg2 Bg7 9. Nc3 Nbd7 10. Rb1 0-0 11. 0-0 Ng4 12. Qc2 Nge5 13. Nxe5 Nxe5 14. Rd1 Qa5 15. Bd2 Nc4 16. Be1 Rfb8 17. e4 Qc7 18. Bf1 Ne5 19. Bxa6 Nf3+ 20. Kg2 Nxe1+ 21. Rxe1 Rxa6 22. Na4 Qa5 23. b3 Qb4 24. Qe2 Raa8 25. Rec1 Bd4 26. Rc4 Qa5 27. Rbc1 Qa6 28. R1c2 Qb7 29. Qf3 e6 30. Nc3 Bxc3 31. R4xc3 exd5 32. exd5 Re8 33. Rd3 Re5 34. Re2 Rae8 35. Rxe5 Rxe5 36. Qf6 Qe7 37. Qxe7 Rxe7 38. Re3 Ra7 39. Re8+ Kg7 40. a4 c4 41. bxc4 Rxa4 42. Rc8 Kf6 43. Rc6 Ke7 44. Rc7+ Kf6 45. g4 g5 46. Kf3 Ra3+ 47. Ke4 Rh3 48. Rd7 Rxh2 49. Rxd6+ Ke7 50. c5 Rxf2 51. Ra6 Rf4+ 52. Kd3 Rxg4 53. Ra7+ Kd8 54. c6 Rg1 55. Kd4 Rc1 56. Ke5 Kc8 57. Kd6 Kb8 58. Rb7+ Ka8 59. Rxf7 h5 60. Rf8+ Ka7 61. c7 Kb7 62. Rb8+ 1-0

[Event "Nassau CC-ch"]
[Site "Mineola"]
[Date "2007.11.12"]
[Round "5"]
[White "Berg, George P"]
[Black "Hellenschmidt, Andrew"]
[Result "1/2-1/2"]
[WhiteElo "2118"]
[BlackElo "2035"]
[PlyCount "113"]
[EventDate "2007.10.15"]
[EventType "swiss"]
[EventRounds "10"]
[EventCountry "USA"]
[SourceTitle "EXT 2009"]
[Source "ChessBase"]
[SourceDate "2008.11.26"]
[SourceVersion "1"]
[SourceVersionDate "2008.11.26"]
[SourceQuality "1"]

1. e4 e5 2. Nf3 Nc6 3. d4 exd4 4. Nxd4 Bc5 5. Nf5 d5 6. Nxg7+ Kf8 7. Nh5 Qh4 8. Ng3 Nf6 9. Nc3 Ng4 10. Qxd5 Bxf2+ 11. Kd1 Be6 12. Bg5 Ne3+ 13. Kc1 Nxd5 14. Bxh4 Be3+ 15. Kb1 Nxc3+ 16. bxc3 Rg8 17. Be2 b5 18. a4 bxa4 19. Rxa4 Rb8+ 20. Ka1 Ne5 21. Bf6 Ng4 22. Bxg4 Rxg4 23. Bd4 Bxd4 24. cxd4 f5 25. exf5 Bd5 26. Rd1 Rh4 27. Rxa7 Rxh2 28. Nf1 Rh6 29. Ne3 Be4 30. Rb1 Rd8 31. Rxc7 Ra8+ 32. Kb2 Rb8+ 33. Kc1 Rh1+ 34. Nd1 Rxb1+ 35. Kxb1 Rxd1+ 36. Kb2 Bxf5 37. c3 Rd2+ 38. Kb3 Rxg2 39. d5 Ke8 40. c4 Kd8 41. d6 Rd2 42. c5 h5 43. Rb7 h4 44. Kc3 Rd1 45. Rb5 Be6 46. Ra5 h3 47. Ra7 Rc1+ 48. Kd4 Rc2 49. Ke5 Re2+ 50. Kd4 Bf5 51. Ra5 Bd7 52. Ra6 Bg4 53. Ra4 Bf5 54. Ra5 Bg4 55. Ra4 Bf5 56. Ra5 Bg4 57. Ra4 1/2-1/2

[Event "Nassau CC-ch"]
[Site "Mineola"]
[Date "2006.12.18"]
[Round "10"]
[White "Berg, George P"]
[Black "Tamarkin, Larry S"]
[Result "0-1"]
[WhiteElo "2081"]
[BlackElo "2078"]
[PlyCount "92"]
[EventDate "2006.10.16"]
[EventType "swiss"]
[EventRounds "10"]
[EventCountry "USA"]
[SourceTitle "EXT 2008"]
[Source "ChessBase"]
[SourceDate "2007.11.25"]
[SourceVersion "1"]
[SourceVersionDate "2007.11.25"]
[SourceQuality "1"]

1. e4 c5 2. Nf3 d6 3. d4 cxd4 4. Nxd4 Nf6 5. Nc3 a6 6. Be2 e6 7. a4 b6 8. f4 Ra7 9. Bf3 Rd7 10. Be3 Bb7 11. Qe2 Be7 12. 0-0 0-0 13. Rfd1 Qc7 14. Nb3 Nc6 15. Qf2 Bd8 16. Rd2 Na5 17. Nxa5 bxa5 18. Rad1 Bc6 19. Qe2 Qb7 20. Qc4 Bb6 21. Bxb6 Qxb6+ 22. Kh1 d5 23. exd5 exd5 24. Nxd5 Bxd5 25. Bxd5 Ng4 26. Qd4 Qxd4 27. Rxd4 Nf2+ 28. Kg1 Nxd1 29. Rxd1 Rfd8 30. c4 Rb8 31. Rd2 Rb4 32. Re2 g6 33. Kf2 Rc7 34. Ke3 Re7+ 35. Kf2 Rxe2+ 36. Kxe2 Rxb2+ 37. Kf3 Kf8 38. c5 Ke7 39. Ke3 f6 40. Kd4 Rb4+ 41. Ke3 Rxa4 42. Bb7 Rc4 43. Bxa6 Rxc5 44. Be2 a4 45. Bd1 a3 46. Kd4 a2 0-1

[Event "Nassau CC-ch"]
[Site "Mineola"]
[Date "2006.12.04"]
[Round "8"]
[White "Weser, Adam"]
[Black "Berg, George P"]
[Result "0-1"]
[WhiteElo "2053"]
[BlackElo "2081"]
[PlyCount "136"]
[EventDate "2006.10.16"]
[EventType "swiss"]
[EventRounds "10"]
[EventCountry "USA"]
[SourceTitle "EXT 2008"]
[Source "ChessBase"]
[SourceDate "2007.11.25"]
[SourceVersion "1"]
[SourceVersionDate "2007.11.25"]
[SourceQuality "1"]

1. d4 Nf6 2. c4 c5 3. d5 b5 4. cxb5 a6 5. b6 e6 6. Nc3 Nxd5 7. Nxd5 exd5 8. Qxd5 Nc6 9. e3 Be7 10. Bc4 0-0 11. Bd2 Bb7 12. Qf3 Bf6 13. Bd5 Qxb6 14. Rb1 Ne5 15. Qe4 Bxd5 16. Qxd5 Qb5 17. a4 Qxa4 18. Bc3 Qc2 19. Rd1 Ng4 20. Ne2 Bxc3+ 21. bxc3 Nf6 22. Qxc5 Rac8 23. Qd4 Rb8 24. f3 Rb2 25. Qd3 Rfb8 26. Kf2 Qxd3 27. Rxd3 Ra2 28. e4 Rbb2 29. Re1 Kf8 30. e5 Nh5 31. Ke3 Ke7 32. Rd4 g6 33. g4 Ng7 34. Nf4 Ne8 35. Red1 Rb7 36. g5 Rxh2 37. Nd5+ Kd8 38. Nb6 d6 39. Nc4 Re7 40. Nxd6 Nxd6 41. Rxd6+ Kc7 42. R1d5 Rxe5+ 43. Rxe5 Kxd6 44. Ra5 h5 45. Rxa6+ Ke7 46. c4 Rg2 47. f4 h4 48. Ra8 h3 49. Rh8 h2 50. c5 Ke6 51. Kd3 Kd5 52. c6 Kxc6 53. Ke4 Rf2 54. Ke3 Ra2 55. f5 gxf5 56. Kf4 Kd5 57. Kxf5 Rf2+ 58. Kg4 Ke4 59. Re8+ Kd4 60. Rh8 Ke3 61. Rh3+ Ke4 62. Kg3 Ra2 63. Rxh2 Rxh2 64. Kxh2 Kf4 65. Kg2 Kxg5 66. Kg3 Kf5 67. Kf3 Kg5 68. Ke2 Kf4 0-1

[Event "Nassau CC-ch"]
[Site "Mineola"]
[Date "2006.10.16"]
[Round "1"]
[White "Berg, George P"]
[Black "Jarva, Eugene Edward"]
[Result "1-0"]
[WhiteElo "2081"]
[BlackElo "1792"]
[PlyCount "77"]
[EventDate "2006.10.16"]
[EventType "swiss"]
[EventRounds "10"]
[EventCountry "USA"]
[SourceTitle "EXT 2008"]
[Source "ChessBase"]
[SourceDate "2007.11.25"]
[SourceVersion "1"]
[SourceVersionDate "2007.11.25"]
[SourceQuality "1"]

1. e4 g6 2. d4 d6 3. Nc3 Bg7 4. f4 Nf6 5. Nf3 0-0 6. Bd3 Bg4 7. h3 Bxf3 8. Qxf3 Nc6 9. Be3 e5 10. Ne2 Nb4 11. 0-0 Nxd3 12. cxd3 Nd7 13. dxe5 dxe5 14. f5 Nf6 15. Rad1 Qe7 16. g4 gxf5 17. Qxf5 Rae8 18. Rc1 Qd8 19. Bc5 Qxd3 20. Bxf8 Rxf8 21. Qf3 Qd6 22. Nc3 Ne8 23. Rcd1 Qb6+ 24. Qf2 Qh6 25. Kg2 Qe6 26. Qf5 Qg6 27. Rd7 Qxf5 28. gxf5 c6 29. Rxb7 Bf6 30. Rxa7 Kh8 31. Rg1 Nd6 32. Kf3 Nc4 33. b3 Rd8 34. Rd1 Nd2+ 35. Ke2 Bg5 36. Rxf7 Rd4 37. Rg1 Nxe4 38. Nxe4 Rxe4+ 39. Kd3 1-0

[Event "USA-chT Amateur East"]
[Site "Parsippany"]
[Date "2006.02.20"]
[Round "5"]
[White "Berg, George P"]
[Black "Miller, Daniel I"]
[Result "1/2-1/2"]
[WhiteElo "2152"]
[BlackElo "2278"]
[PlyCount "74"]
[EventDate "2006.02.18"]
[EventType "team"]
[EventRounds "6"]
[EventCountry "USA"]
[SourceTitle "CBM 111 Extra"]
[Source "ChessBase"]
[SourceDate "2006.05.09"]
[SourceVersion "1"]
[SourceVersionDate "2006.05.09"]
[SourceQuality "1"]

1. e4 e5 2. Nf3 Nf6 3. Nxe5 d6 4. Nf3 Nxe4 5. d4 d5 6. Bd3 Bd6 7. c4 c6 8. 0-0 0-0 9. Re1 Bg4 10. h3 Bh5 11. Bxe4 dxe4 12. Rxe4 f5 13. Re1 Qf6 14. c5 Bc7 15. Qb3+ Qf7 16. Qxf7+ Bxf7 17. Bd2 Bd5 18. Ng5 Na6 19. Nc3 Nb4 20. Nxd5 Nxd5 21. Ne6 Rfe8 22. Nxc7 Nxc7 23. Bf4 Nd5 24. Be5 Kf7 25. Kf1 g6 26. a3 Rad8 27. Re2 Re6 28. Rae1 Rde8 29. Bd6 Rxe2 30. Rxe2 Re6 31. Rxe6 Kxe6 32. Ke2 a6 33. Be5 Ne7 34. f4 h5 35. Kd3 Nd5 36. Ke2 a5 37. Kd3 a4 1/2-1/2